[Event "CZE-chT2A 2223"]
[Site "Czech Republic"]
[Date "2023.03.05"]
[Round "10.8"]
[White "Dolezal, Martin1111"]
[Black "Nagy, Ladislav"]
[Result "1/2-1/2"]
[WhiteElo "2062"]
[BlackElo "1658"]
[PlyCount "121"]
[EventDate "2022.10.16"]
[EventType "team-tourn"]
[EventRounds "11"]
[EventCountry "CZE"]
[SourceTitle "EXT 2024"]
[Source "ChessBase"]
[SourceDate "2023.10.10"]
[SourceVersion "1"]
[SourceVersionDate "2023.10.10"]
[SourceQuality "1"]
[WhiteTeam "Vysehrad II"]
[BlackTeam "Budejovice"]
[WhiteTeamCountry "CZE"]
[BlackTeamCountry "CZE"]

1. d4 Nf6 2. Nf3 e6 3. e3 d5 4. Bd3 c5 5. 0-0 c4 6. Be2 Bd6 7. b3 cxb3 8. axb3 0-0 9. Ba3 Nc6 10. Bxd6 Qxd6 11. Nbd2 Ne4 12. Nxe4 dxe4 13. Nd2 f5 14. Bb5 Ne7 15. c3 Bd7 16. Nc4 Qc7 17. Bxd7 Qxd7 18. Ne5 Qc7 19. c4 Nc6 20. f4 Nxe5 21. fxe5 h6 22. Ra2 Kh7 23. g3 Rf7 24. Raf2 g6 25. g4 Raf8 26. Qa1 a6 27. d5 fxg4 28. d6 Qd7 29. Qd4 Rf5 30. Qxe4 h5 31. Qd4 Rd8 32. e4 Rxf2 33. Qxf2 Qc6 34. Qf7+ Kh6 35. Qf4+ Kh7 36. Kg2 b5 37. Qf7+ Kh6 38. Qf4+ Kh7 39. cxb5 Qxb5 40. Qf7+ Kh6 41. Qf4+ Kh7 42. Qg5 Qe2+ 43. Kg1 Rd7 44. Qf4 Qd3 45. Qf8 Qe3+ 46. Rf2 Qe1+ 47. Kg2 Qxe4+ 48. Kf1 Qb1+ 49. Ke2 Qc2+ 50. Ke3 Qxb3+ 51. Kf4 Qc4+ 52. Kg5 Qc1+ 53. Kf6 Qc4 54. Qe8 Rg7 55. d7 Qd4 56. Rf5 Qxd7 57. Qxd7 Rxd7 58. Kxe6 gxf5 59. Kxd7 f4 60. e6 g3 61. hxg3 1/2-1/2

[Event "CZE-chT2A 2223"]
[Site "Czech Republic"]
[Date "2023.02.19"]
[Round "9.6"]
[White "Nagy, Ladislav"]
[Black "Herejk, Petr"]
[Result "0-1"]
[WhiteElo "1658"]
[BlackElo "2132"]
[PlyCount "94"]
[EventDate "2022.10.16"]
[EventType "team-tourn"]
[EventRounds "11"]
[EventCountry "CZE"]
[SourceTitle "EXT 2024"]
[Source "ChessBase"]
[SourceDate "2023.10.10"]
[SourceVersion "1"]
[SourceVersionDate "2023.10.10"]
[SourceQuality "1"]
[WhiteTeam "Budejovice"]
[BlackTeam "Plzen"]
[WhiteTeamCountry "CZE"]
[BlackTeamCountry "CZE"]

1. e4 c5 2. Nf3 d6 3. d4 cxd4 4. Nxd4 Nf6 5. Nc3 Nc6 6. Bc4 e5 7. Nb3 Be6 8. Bxe6 fxe6 9. 0-0 Be7 10. f4 0-0 11. f5 exf5 12. Rxf5 b5 13. Bg5 b4 14. Bxf6 Qb6+ 15. Kh1 bxc3 16. Bxe7 Rxf5 17. exf5 cxb2 18. Rb1 Nxe7 19. Rxb2 d5 20. c3 Rf8 21. g4 Qe3 22. Qe2 Qxe2 23. Rxe2 Nc6 24. Rd2 Rd8 25. Kg2 Kf7 26. Nc5 Ne7 27. Nd3 Kf6 28. Re2 e4 29. Nf4 Rc8 30. Re3 Rc5 31. h4 Ra5 32. Re2 Ra3 33. Rc2 Ke5 34. Nh5 Ng8 35. Nxg7 Nh6 36. f6 Kxf6 37. Nh5+ Ke5 38. g5 Nf5 39. Nf6 Ne3+ 40. Kh2 Nxc2 41. Nxh7 Ne3 42. h5 Rxc3 43. Nf6 Nf5 44. Nd7+ Kf4 45. h6 Kxg5 46. h7 Rc8 47. Ne5 Kf6 0-1

[Event "CZE-chT2A 2223"]
[Site "Czech Republic"]
[Date "2023.02.05"]
[Round "8.8"]
[White "Mindl, Josef"]
[Black "Nagy, Ladislav"]
[Result "1-0"]
[WhiteElo "1921"]
[BlackElo "1658"]
[PlyCount "81"]
[EventDate "2022.10.16"]
[EventType "team-tourn"]
[EventRounds "11"]
[EventCountry "CZE"]
[SourceTitle "EXT 2024"]
[Source "ChessBase"]
[SourceDate "2023.10.10"]
[SourceVersion "1"]
[SourceVersionDate "2023.10.10"]
[SourceQuality "1"]
[WhiteTeam "Tabor"]
[BlackTeam "Budejovice"]
[WhiteTeamCountry "CZE"]
[BlackTeamCountry "CZE"]

1. e4 c5 2. Nf3 e6 3. d4 d5 4. exd5 Qxd5 5. Nc3 Qd8 6. Bf4 a6 7. d5 Nf6 8. dxe6 Qxd1+ 9. Rxd1 Bxe6 10. Ng5 Bg4 11. f3 Bh5 12. Bc4 h6 13. Nge4 Nbd7 14. Kf2 0-0-0 15. Nxf6 Nxf6 16. Rxd8+ Kxd8 17. Rd1+ Kc8 18. Bd3 Bg6 19. Bxg6 fxg6 20. Nd5 Nxd5 21. Rxd5 Be7 22. c4 Rd8 23. Rxd8+ Kxd8 24. Ke3 Kd7 25. Ke4 Ke6 26. h3 Bf6 27. b3 Bb2 28. Be3 Kd6 29. g4 Bf6 30. f4 Be7 31. f5 g5 32. Bf2 Bf6 33. Bg3+ Kc6 34. Bb8 b5 35. Bg3 bxc4 36. bxc4 Be7 37. Be5 Bf6 38. a3 Kb6 39. Bxf6 gxf6 40. Kd5 a5 41. Ke6 1-0

[Event "Klatovy op-B 23rd"]
[Site "Klatovy"]
[Date "2017.07.08"]
[Round "8"]
[White "Nagy, Ladislav"]
[Black "Svejdar, Pavel"]
[Result "1-0"]
[WhiteElo "1000"]
[BlackElo "1581"]
[PlyCount "108"]
[EventDate "2017.07.01"]
[EventType "swiss"]
[EventRounds "9"]
[EventCountry "CZE"]
[SourceTitle "EXT 2018"]
[Source "ChessBase"]
[SourceDate "2017.10.13"]
[SourceVersion "1"]
[SourceVersionDate "2017.10.13"]
[SourceQuality "1"]

1. Nf3 d5 2. g3 Nf6 3. d4 Bf5 4. Bg2 h6 5. 0-0 e6 6. c4 c6 7. b3 Be7 8. Nc3 0-0 9. Bb2 Nbd7 10. Re1 Qa5 11. Qd2 Qc7 12. Rac1 Bb4 13. a3 Ne4 14. Qe3 Bxc3 15. Bxc3 Ndf6 16. Ne5 Nxc3 17. Rxc3 Ne4 18. Rcc1 f6 19. Nd3 Rae8 20. f3 Ng5 21. Qd2 Qb6 22. Nc5 e5 23. cxd5 exd4 24. dxc6 bxc6 25. Qxd4 Rd8 26. Qc3 Rd6 27. Kh1 Bh3 28. Red1 Rfd8 29. Rxd6 Rxd6 30. Qe3 Bc8 31. h4 Ne6 32. b4 Nc7 33. Qe7 Rd2 34. Qe4 Qb5 35. Nd3 Bb7 36. f4 Nd5 37. Bf3 Kf8 38. Qe6 Ne7 39. Qd7 Qb6 40. Nc5 Rxd7 41. Nxd7+ Ke8 42. Nxb6 axb6 43. b5 Kd7 44. bxc6+ Bxc6 45. Bxc6+ Nxc6 46. Kg2 Na5 47. Kf3 Kd6 48. Ke4 Nb3 49. Rd1+ Ke7 50. Kf5 Nc5 51. Kg6 Ne4 52. Kxg7 Nxg3 53. e3 Nf5+ 54. Kh7 Nxe3 1-0

[Event "Klatovy op-A 23rd"]
[Site "Klatovy"]
[Date "2017.07.08"]
[Round "8"]
[White "Richter, Martin"]
[Black "Nagy, Ladislav"]
[Result "1/2-1/2"]
[WhiteElo "1945"]
[BlackElo "1812"]
[PlyCount "186"]
[EventDate "2017.07.01"]
[EventType "swiss"]
[EventRounds "9"]
[EventCountry "CZE"]
[SourceTitle "EXT 2018"]
[Source "ChessBase"]
[SourceDate "2017.10.13"]
[SourceVersion "1"]
[SourceVersionDate "2017.10.13"]
[SourceQuality "1"]

1. e4 c5 2. Nc3 Nc6 3. f4 e6 4. Nf3 g6 5. Bb5 Nd4 6. Nxd4 cxd4 7. Ne2 Bg7 8. c3 a6 9. Bd3 dxc3 10. bxc3 Ne7 11. Ba3 d6 12. Rb1 0-0 13. 0-0 f5 14. Ng3 Qc7 15. exf5 gxf5 16. Nh5 Bh8 17. Qb3 Kf7 18. Rf3 Rg8 19. Re1 Rg6 20. Rfe3 Qc6 21. Ng3 Nd5 22. Bxf5 exf5 23. Re7+ Kf8 24. Re8+ Kg7 25. c4 Nxf4 26. Qf3 Qxf3 27. gxf3 Nd3 28. R1e7+ Kf6 29. Bxd6 Bg7 30. Kf1 Kg5 31. Ke2 Rxd6 32. Rxg7+ Kh6 33. Rgg8 Nf4+ 34. Kd1 Rc6 35. Rd8 b5 36. c5 Ng6 37. d4 Ne7 38. Rge8 Ra7 39. d5 Rxc5 40. d6 Rd7 41. Rxd7 Bxd7 42. Rxe7 Rd5+ 43. Kc2 Rxd6 44. Re5 Rf6 45. f4 Kg6 46. h4 Bc6 47. Kc3 Be4 48. Kb4 Rd6 49. Nxe4 Rd4+ 50. Ka5 Ra4+ 51. Kb6 fxe4 52. Kc6 Rxa2 53. Kd6 Rf2 54. Rxe4 Kf5 55. Re7 Rxf4 56. Rxh7 Kg6 57. Rh8 Kg7 58. Rh5 Rf6+ 59. Kc5 Rh6 60. Rg5+ Kf7 61. h5 Rf6 62. Kb4 Rf1 63. Ka5 Ra1+ 64. Kb4 Ra4+ 65. Kc5 Rf4 66. Kb6 Rf6+ 67. Ka5 Rh6 68. Rc5 Kg7 69. Rc7+ Kf8 70. Rc5 Rf6 71. Rg5 Kf7 72. Kb4 Rf1 73. Ka5 Ra1+ 74. Kb4 Ra4+ 75. Kc5 Kf6 76. Rg6+ Kf5 77. Rd6 Ke5 78. Rd8 Kf6 79. Rd6+ Kg7 80. h6+ Kh7 81. Rb6 Rc4+ 82. Kd5 Ra4 83. Kc5 Ra1 84. Kd4 Ra2 85. Kc5 Ra4 86. Kd5 b4 87. Kc4 a5 88. Kb3 Ra3+ 89. Kb2 Rh3 90. Ra6 Ra3 91. Rb6 Kh8 92. Rb8+ Kh7 93. Rb6 Kh8 1/2-1/2

[Event "Klatovy op-A 23rd"]
[Site "Klatovy"]
[Date "2017.07.07"]
[Round "7"]
[White "Nagy, Ladislav"]
[Black "Bartonicek, Zdenek"]
[Result "0-1"]
[WhiteElo "1812"]
[BlackElo "1942"]
[PlyCount "72"]
[EventDate "2017.07.01"]
[EventType "swiss"]
[EventRounds "9"]
[EventCountry "CZE"]
[SourceTitle "EXT 2018"]
[Source "ChessBase"]
[SourceDate "2017.10.13"]
[SourceVersion "1"]
[SourceVersionDate "2017.10.13"]
[SourceQuality "1"]

1. Nf3 Nf6 2. g3 d5 3. Bg2 e6 4. 0-0 Be7 5. c4 d4 6. e3 Nc6 7. Nxd4 Nxd4 8. exd4 Qxd4 9. Qe2 0-0 10. Nc3 c6 11. d3 Rd8 12. Rd1 e5 13. Be3 Qd6 14. d4 Bg4 15. f3 Bf5 16. g4 Be6 17. g5 Nh5 18. d5 cxd5 19. cxd5 Bf5 20. Ne4 Qg6 21. h4 Nf4 22. Bxf4 exf4 23. Rac1 h6 24. Rc7 Qb6+ 25. Kh2 Qxc7 26. gxh6 Bxh4 27. Bh3 Bg3+ 28. Nxg3 fxg3+ 29. Kg2 Qc2 30. Rd2 Bxh3+ 31. Kxh3 Qf5+ 32. Kxg3 Rxd5 33. h7+ Kh8 34. Rc2 Qg5+ 35. Kf2 Rad8 36. Qe4 Rd2+ 0-1

[Event "Klatovy op-B 23rd"]
[Site "Klatovy"]
[Date "2017.07.07"]
[Round "7"]
[White "Nagy, Ladislav"]
[Black "Krupansky, Jaromir"]
[Result "0-1"]
[WhiteElo "1000"]
[BlackElo "1764"]
[PlyCount "100"]
[EventDate "2017.07.01"]
[EventType "swiss"]
[EventRounds "9"]
[EventCountry "CZE"]
[SourceTitle "EXT 2018"]
[Source "ChessBase"]
[SourceDate "2017.10.13"]
[SourceVersion "1"]
[SourceVersionDate "2017.10.13"]
[SourceQuality "1"]

1. Nf3 d5 2. g3 d4 3. c3 Nc6 4. Qa4 Bd7 5. cxd4 Ne5 6. Qa3 Nxf3+ 7. exf3 Bc6 8. Bg2 Qxd4 9. 0-0 e6 10. Qc3 Bc5 11. a3 Bb5 12. Qxd4 Bxd4 13. Re1 Ne7 14. Nc3 Ba6 15. Re4 0-0-0 16. h4 Bd3 17. Re1 Rd6 18. b4 Nf5 19. a4 Nxg3 20. Ra3 Bxc3 21. fxg3 Bxb4 22. Rb3 Bc5+ 23. Kh2 Rhd8 24. f4 Rb6 25. Rxb6 Bxb6 26. Bh3 g6 27. h5 Bc2 28. g4 Ba5 29. Re5 Bxd2 30. Bxd2 Rxd2+ 31. Kg3 gxh5 32. Re2 Bxa4 33. g5 Rd3+ 34. Kh2 Kd8 35. Ra2 Rd4 36. Ra3 Rxf4 37. Kg3 Rd4 38. Bf1 Ke7 39. Rc3 Kd6 40. Rf3 Be8 41. Ra3 a6 42. Rb3 Bc6 43. Rb2 b5 44. Ra2 Bb7 45. Rf2 Ke7 46. Rh2 c5 47. Rh1 Rd8 48. Rh2 c4 49. Kf2 c3 50. Rh3 b4 0-1

[Event "Klatovy op-B 23rd"]
[Site "Klatovy"]
[Date "2017.07.04"]
[Round "4"]
[White "Rerabek, Jaroslav"]
[Black "Nagy, Ladislav"]
[Result "0-1"]
[WhiteElo "1721"]
[BlackElo "1000"]
[PlyCount "36"]
[EventDate "2017.07.01"]
[EventType "swiss"]
[EventRounds "9"]
[EventCountry "CZE"]
[SourceTitle "EXT 2018"]
[Source "ChessBase"]
[SourceDate "2017.10.13"]
[SourceVersion "1"]
[SourceVersionDate "2017.10.13"]
[SourceQuality "1"]

1. e4 c5 2. Nf3 d6 3. c3 Nf6 4. Bd3 Nc6 5. Bc2 d5 6. exd5 Qxd5 7. h3 Ne5 8. Nxe5 Qxe5+ 9. Qe2 Qxe2+ 10. Kxe2 b6 11. Re1 Ba6+ 12. d3 g6 13. Kf1 Bg7 14. Kg1 e6 15. Bg5 Rd8 16. Rd1 0-0 17. a3 Rd5 18. c4 Rxg5 0-1

[Event "Klatovy op-B 23rd"]
[Site "Klatovy"]
[Date "2017.07.01"]
[Round "1"]
[White "Maly, Jiri"]
[Black "Nagy, Ladislav"]
[Result "1-0"]
[WhiteElo "1646"]
[BlackElo "1000"]
[PlyCount "101"]
[EventDate "2017.07.01"]
[EventType "swiss"]
[EventRounds "9"]
[EventCountry "CZE"]
[SourceTitle "EXT 2018"]
[Source "ChessBase"]
[SourceDate "2017.10.13"]
[SourceVersion "1"]
[SourceVersionDate "2017.10.13"]
[SourceQuality "1"]

1. e4 c5 2. Nf3 d6 3. d4 cxd4 4. Nxd4 Nc6 5. Bb5 Bd7 6. Bxc6 bxc6 7. 0-0 g6 8. Nc3 Bg7 9. Be3 Nf6 10. Rb1 0-0 11. h3 Qc7 12. Qd2 a6 13. f3 d5 14. e5 Nh5 15. f4 e6 16. Qf2 Bh8 17. g4 Ng7 18. Nf3 f6 19. Bc5 Rf7 20. Bd6 Qa7 21. Bc5 Qb7 22. Qd4 f5 23. Ng5 Rff8 24. Bxf8 Rxf8 25. Na4 h6 26. Nc5 Qa7 27. Nf3 Bc8 28. b4 Ne8 29. Kg2 Nd6 30. Nxe6 Qxd4 31. Nexd4 Nc4 32. Kg3 fxg4 33. hxg4 Ne3 34. Rfe1 Nxg4 35. Nxc6 Re8 36. Rbd1 h5 37. Rxd5 Bb7 38. Rd6 Ba8 39. c4 Kh7 40. Ng5+ Kg8 41. Rxg6+ Kf8 42. Rd6 Bxc6 43. Rxc6 Rb8 44. a3 a5 45. b5 Rb7 46. a4 Rd7 47. Rc8+ Kg7 48. Rh1 Rd3+ 49. Nf3 Nh6 50. Rxh5 Kg6 51. Rg5+ 1-0

[Event "CZE-ch U14"]
[Site "Kouty nad Desnou"]
[Date "2017.03.16"]
[Round "7"]
[White "Hofman, Krystof"]
[Black "Nagy, Ladislav"]
[Result "0-1"]
[WhiteElo "1779"]
[BlackElo "1882"]
[PlyCount "86"]
[EventDate "2017.03.11"]
[EventType "swiss"]
[EventRounds "9"]
[EventCountry "CZE"]
[SourceTitle "CBM 177 Extra"]
[Source "ChessBase"]
[SourceDate "2017.04.27"]
[SourceVersion "1"]
[SourceVersionDate "2017.04.27"]
[SourceQuality "1"]

1. d4 Nf6 2. c4 g6 3. Nc3 Bg7 4. e4 d6 5. Be2 0-0 6. Bg5 h6 7. Be3 Nbd7 8. Qd2 Kh7 9. Qc2 c6 10. h4 e5 11. d5 cxd5 12. cxd5 Nc5 13. h5 g5 14. f3 Ne8 15. g4 a6 16. Nh3 b5 17. b4 Nd7 18. 0-0 Nb6 19. a4 Nxa4 20. Nxa4 bxa4 21. Rxa4 Bb7 22. Rfa1 Rc8 23. Qb2 Nc7 24. Bb6 Qd7 25. Bxc7 Rxc7 26. Bxa6 Bxa6 27. Rxa6 Rb8 28. Ra8 Rxa8 29. Rxa8 Qb5 30. Qb3 Rc1+ 31. Kg2 Qe2+ 32. Kg3 Rc2 33. Qxc2 Qxc2 34. b5 Qc5 35. Ra1 Qxb5 36. Nf2 Bf8 37. Kg2 Kg7 38. Kg3 Be7 39. Rg1 Bd8 40. Rg2 Bb6 41. Rg1 Qe2 42. Rg2 Qe1 43. Rh2 Qg1+ 0-1

[Event "CZE-ch U14"]
[Site "Kouty nad Desnou"]
[Date "2017.03.13"]
[Round "4"]
[White "Smid, Pavel"]
[Black "Nagy, Ladislav"]
[Result "0-1"]
[WhiteElo "1754"]
[BlackElo "1882"]
[PlyCount "60"]
[EventDate "2017.03.11"]
[EventType "swiss"]
[EventRounds "9"]
[EventCountry "CZE"]
[SourceTitle "CBM 177 Extra"]
[Source "ChessBase"]
[SourceDate "2017.04.27"]
[SourceVersion "1"]
[SourceVersionDate "2017.04.27"]
[SourceQuality "1"]

1. e4 c5 2. Nf3 Nc6 3. Bb5 e6 4. 0-0 Nge7 5. Re1 Ng6 6. Bxc6 bxc6 7. d3 f6 8. c4 Be7 9. Nc3 0-0 10. Ne2 e5 11. Ng3 Rf7 12. Be3 Nf8 13. Nf5 Ne6 14. Nxe7+ Qxe7 15. Qc2 d6 16. a3 a5 17. Bd2 Qd8 18. b4 axb4 19. axb4 Rfa7 20. Rxa7 Rxa7 21. b5 cxb5 22. cxb5 Qb6 23. Qc4 Kf8 24. Rb1 Nc7 25. Be3 Be6 26. Qc3 Ra5 27. d4 exd4 28. Nxd4 cxd4 29. Bxd4 Rxb5 30. Rc1 Qb7 0-1

[Event "CZE-ch U14"]
[Site "Kouty nad Desnou"]
[Date "2017.03.12"]
[Round "2"]
[White "Mavrev, David"]
[Black "Nagy, Ladislav"]
[Result "1-0"]
[WhiteElo "1713"]
[BlackElo "1882"]
[PlyCount "91"]
[EventDate "2017.03.11"]
[EventType "swiss"]
[EventRounds "9"]
[EventCountry "CZE"]
[SourceTitle "CBM 177 Extra"]
[Source "ChessBase"]
[SourceDate "2017.04.27"]
[SourceVersion "1"]
[SourceVersionDate "2017.04.27"]
[SourceQuality "1"]

1. e4 c5 2. d4 cxd4 3. c3 dxc3 4. Nxc3 Nc6 5. Nf3 d6 6. Bc4 a6 7. 0-0 Nf6 8. Bf4 Bg4 9. Qb3 e6 10. Ng5 Na5 11. Qa4+ Nd7 12. h3 Nxc4 13. Qxc4 Bh5 14. g4 Bg6 15. Rad1 Be7 16. Nf3 Nb6 17. Qb3 Rb8 18. Bxd6 Bxd6 19. e5 Nc8 20. exd6 0-0 21. d7 Na7 22. Ne5 Qc7 23. Rfe1 Nc6 24. Nxc6 Qxc6 25. Qb4 Rfd8 26. Rd6 Qf3 27. Re3 Qf6 28. Kg2 Qg5 29. Na4 b5 30. Nb6 h5 31. Qd4 hxg4 32. hxg4 Qf6 33. Qxf6 gxf6 34. Rc3 Be4+ 35. f3 Bb7 36. Rc7 Kf8 37. Kg3 a5 38. Kf4 Ba6 39. g5 f5 40. Ke5 Rb7 41. Rdc6 b4 42. Rc8 Rb8 43. Rxb8 Rxb8 44. Nc8 Rb5+ 45. Kf6 Rd5 46. Nd6 1-0

[Event "EU-ch U14 26th"]
[Site "Prague"]
[Date "2016.08.25"]
[Round "7"]
[White "Milosevic, Milos"]
[Black "Nagy, Ladislav"]
[Result "1-0"]
[WhiteElo "2132"]
[BlackElo "1872"]
[PlyCount "95"]
[EventDate "2016.08.18"]
[EventType "swiss"]
[EventRounds "9"]
[EventCountry "CZE"]
[SourceTitle "CBM 174 Extra"]
[Source "ChessBase"]
[SourceDate "2016.10.10"]
[SourceVersion "1"]
[SourceVersionDate "2016.10.10"]
[SourceQuality "1"]

1. d4 Nf6 2. Nf3 d6 3. g3 Nbd7 4. Bg2 g6 5. 0-0 Bg7 6. a4 0-0 7. a5 a6 8. Nc3 e5 9. dxe5 dxe5 10. h3 Re8 11. Be3 Qe7 12. Nd2 Nc5 13. Nc4 Rb8 14. Bg5 Qe6 15. b3 h6 16. Bxf6 Bxf6 17. Nd5 Bd8 18. b4 Nd7 19. Qd2 c6 20. Nde3 Bc7 21. Nb2 Kh7 22. h4 e4 23. h5 b5 24. axb6 Nxb6 25. hxg6+ fxg6 26. c4 Bb7 27. Rac1 Rbd8 28. Qc2 Rd4 29. Kh2 Bc8 30. Rh1 Be5 31. Kg1 Qe7 32. Na4 Nxa4 33. Qxa4 Qd6 34. c5 Qc7 35. Nc4 Be6 36. Nxe5 Qxe5 37. Qxc6 Bd5 38. Qxa6 e3 39. f4 Qf5 40. Qa7+ Bf7 41. b5 Red8 42. Bh3 Rd1+ 43. Kh2 Rxh1+ 44. Rxh1 Qf6 45. c6 g5 46. Rf1 g4 47. Bxg4 Rg8 48. c7 1-0

[Event "EU-ch U14 26th"]
[Site "Prague"]
[Date "2016.08.24"]
[Round "6"]
[White "Nagy, Ladislav"]
[Black "Georgakopoulos, Nikolaos K"]
[Result "1/2-1/2"]
[WhiteElo "1872"]
[BlackElo "2059"]
[PlyCount "112"]
[EventDate "2016.08.18"]
[EventType "swiss"]
[EventRounds "9"]
[EventCountry "CZE"]
[SourceTitle "CBM 174 Extra"]
[Source "ChessBase"]
[SourceDate "2016.10.10"]
[SourceVersion "1"]
[SourceVersionDate "2016.10.10"]
[SourceQuality "1"]

1. e4 c5 2. Nf3 Nc6 3. d4 cxd4 4. Nxd4 Nf6 5. Nc3 e5 6. Ndb5 d6 7. Nd5 Nxd5 8. exd5 Ne7 9. c4 Ng6 10. Be3 Be7 11. g3 0-0 12. h4 f5 13. h5 Nh8 14. Qc2 Bd7 15. Nc3 a6 16. Bd3 Qe8 17. g4 e4 18. Nxe4 fxe4 19. Bxe4 g6 20. 0-0-0 Bf6 21. Rh2 Qe5 22. f4 Qxb2+ 23. Qxb2 Bxb2+ 24. Kxb2 Rae8 25. Rd4 Bxg4 26. hxg6 Nxg6 27. Bxg6 hxg6 28. Bd2 Bf5 29. Bb4 Rf6 30. Rd1 Bg4 31. Rd4 Re3 32. Bd2 Re8 33. Rg2 Bh5 34. Bb4 Kf7 35. c5 a5 36. Ba3 dxc5 37. Bxc5 Rd8 38. d6 Rf5 39. Rc2 Rd7 40. Ka1 Bf3 41. Ba3 Rh5 42. Rb2 Bc6 43. Re2 b5 44. Bc1 Rd5 45. Rxd5 Bxd5 46. Re7+ Rxe7 47. dxe7 Kxe7 48. a3 Ke6 49. Kb2 Kf5 50. Kc2 Ke4 51. Kc3 Be6 52. Bd2 Bg4 53. Bc1 Kf3 54. Kd4 Bd7 55. Bb2 Be8 56. Ke5 a4 1/2-1/2

[Event "EU-ch U14 26th"]
[Site "Prague"]
[Date "2016.08.22"]
[Round "5"]
[White "Nagy, Ladislav"]
[Black "Stinka, Jakub"]
[Result "1/2-1/2"]
[WhiteElo "1872"]
[BlackElo "2034"]
[PlyCount "71"]
[EventDate "2016.08.18"]
[EventType "swiss"]
[EventRounds "9"]
[EventCountry "CZE"]
[SourceTitle "CBM 174 Extra"]
[Source "ChessBase"]
[SourceDate "2016.10.10"]
[SourceVersion "1"]
[SourceVersionDate "2016.10.10"]
[SourceQuality "1"]

1. e4 c5 2. Nf3 d6 3. d4 cxd4 4. Nxd4 Nf6 5. Nc3 Nc6 6. Bc4 e6 7. Bb3 Be7 8. Be3 a6 9. f4 0-0 10. 0-0 Nxd4 11. Bxd4 b5 12. a3 Bb7 13. Qf3 Qc7 14. f5 e5 15. Bf2 Bc6 16. Bh4 Nxe4 17. Bxe7 Nf6 18. Bxd6 Qxd6 19. Qe2 Rad8 20. Rad1 Qc5+ 21. Qf2 Qxf2+ 22. Kxf2 Ng4+ 23. Kg1 Ne3 24. Rxd8 Rxd8 25. Rf2 Nd1 26. Re2 Nxc3 27. bxc3 e4 28. Kf2 Kf8 29. c4 Ke7 30. Ke1 Kf6 31. Rd2 Rxd2 32. Kxd2 Kxf5 33. cxb5 axb5 34. Bxf7 Kf4 35. Ke2 Bd7 36. c4 1/2-1/2

[Event "EU-ch U14 26th"]
[Site "Prague"]
[Date "2016.08.19"]
[Round "2"]
[White "Cernicek, Matyas"]
[Black "Nagy, Ladislav"]
[Result "0-1"]
[WhiteElo "1461"]
[BlackElo "1872"]
[PlyCount "69"]
[EventDate "2016.08.18"]
[EventType "swiss"]
[EventRounds "9"]
[EventCountry "CZE"]
[SourceTitle "CBM 174 Extra"]
[Source "ChessBase"]
[SourceDate "2016.10.10"]
[SourceVersion "1"]
[SourceVersionDate "2016.10.10"]
[SourceQuality "1"]

1. e4 c5 2. Nf3 Nc6 3. d4 cxd4 4. Nxd4 e5 5. Nb3 Nf6 6. Nc3 Be7 7. f3 d6 8. Be3 Be6 9. Qd2 d5 10. exd5 Nxd5 11. Nxd5 Qxd5 12. Qxd5 Bxd5 13. Nc5 0-0-0 14. c4 Nd4 15. Bxd4 exd4 16. cxd5 Bxc5 17. Rc1 Rxd5 18. b4 b6 19. bxc5 bxc5 20. Kd2 f6 21. Ba6+ Kc7 22. Rb1 d3 23. Bxd3 c4 24. Rhc1 Rxd3+ 25. Ke2 Re8+ 26. Kf2 Rd2+ 27. Kg1 Ree2 28. Rxc4+ Kd6 29. Rg4 g6 30. a4 f5 31. Rg3 Ra2 32. Kf1 Rf2+ 33. Kg1 Rfc2 34. f4 Rxa4 35. Rd3+ 0-1

[Event "CZE-ch U12"]
[Site "Kouty nad Desnou"]
[Date "2015.03.12"]
[Round "7"]
[White "Ocko, Dominik"]
[Black "Nagy, Ladislav"]
[Result "1-0"]
[WhiteElo "1599"]
[BlackElo "1704"]
[PlyCount "127"]
[EventDate "2015.03.07"]
[EventType "swiss"]
[EventRounds "9"]
[EventCountry "CZE"]
[SourceTitle "EXT 2017"]
[Source "ChessBase"]
[SourceDate "2016.10.25"]
[SourceVersion "1"]
[SourceVersionDate "2016.10.25"]
[SourceQuality "1"]

1. e4 c5 2. Nc3 Nc6 3. g3 g6 4. Bg2 Bg7 5. d3 d6 6. Be3 e5 7. Nh3 Bd7 8. 0-0 Qc8 9. Ng5 h6 10. Nf3 Be6 11. Nd2 Qd7 12. f4 0-0-0 13. Qf3 Bg4 14. Qf2 Bh3 15. Nc4 Bxg2 16. Kxg2 Kb8 17. fxe5 Nxe5 18. Nxe5 Bxe5 19. Qxf7 Ne7 20. Nd5 Nxd5 21. Qxd5 Rdf8 22. Bxc5 Qc7 23. d4 dxc5 24. Qxe5 cxd4 25. Qxc7+ Kxc7 26. Rxf8 Rxf8 27. Rf1 Re8 28. Rf7+ Kc6 29. Rf6+ Kc5 30. Kf3 g5 31. h3 b5 32. Rf5+ Kc4 33. Rf6 a5 34. Rc6+ Kb4 35. a3+ Ka4 36. Rd6 Rf8+ 37. Ke2 Rc8 38. Rxd4+ b4 39. Kd3 Rf8 40. Ke2 Rc8 41. Kd3 Rf8 42. Ke3 Rc8 43. axb4 Rxc2 44. bxa5+ Kxa5 45. Rd2 Rc1 46. Kf3 Rh1 47. Kg4 Re1 48. Kf3 Rf1+ 49. Kg2 Re1 50. Kf3 Rf1+ 51. Rf2 Re1 52. Re2 Rf1+ 53. Kg2 Rf8 54. e5 Re8 55. e6 Re7 56. Kf3 Kb5 57. Kg4 Kc6 58. Kh5 g4 59. hxg4 Kd6 60. Kxh6 Re8 61. e7 Kd7 62. g5 Rh8+ 63. Kg7 Re8 64. Kf7 1-0

[Event "CZE-ch U12"]
[Site "Kouty nad Desnou"]
[Date "2015.03.10"]
[Round "5"]
[White "Stinka, Jakub"]
[Black "Nagy, Ladislav"]
[Result "1-0"]
[WhiteElo "1651"]
[BlackElo "1704"]
[PlyCount "63"]
[EventDate "2015.03.07"]
[EventType "swiss"]
[EventRounds "9"]
[EventCountry "CZE"]
[SourceTitle "EXT 2017"]
[Source "ChessBase"]
[SourceDate "2016.10.25"]
[SourceVersion "1"]
[SourceVersionDate "2016.10.25"]
[SourceQuality "1"]

1. e4 c5 2. Nf3 Nc6 3. d4 cxd4 4. Nxd4 e5 5. Nb5 d6 6. N1c3 a6 7. Na3 Be7 8. Nd5 Nf6 9. Be3 Nxd5 10. exd5 Nb8 11. Be2 0-0 12. 0-0 f5 13. f4 Nd7 14. Kh1 Nf6 15. Nc4 exf4 16. Bxf4 b5 17. Ne3 Ne4 18. a4 g5 19. Bg3 f4 20. Bd3 Nf6 21. Bxf4 gxf4 22. Rxf4 Rf7 23. Nf5 Bxf5 24. Bxf5 Rg7 25. Be6+ Kh8 26. Qf3 Ng8 27. Rf1 Bg5 28. Rf7 Ra7 29. Rf8 Qe7 30. Qc3 h6 31. Rxg8+ Kh7 32. Qd3+ 1-0

[Event "CZE-ch U12"]
[Site "Kouty nad Desnou"]
[Date "2015.03.08"]
[Round "2"]
[White "Nagy, Ladislav"]
[Black "Reljic, Michael"]
[Result "1-0"]
[WhiteElo "1704"]
[BlackElo "1637"]
[PlyCount "73"]
[EventDate "2015.03.07"]
[EventType "swiss"]
[EventRounds "9"]
[EventCountry "CZE"]
[SourceTitle "EXT 2017"]
[Source "ChessBase"]
[SourceDate "2016.10.25"]
[SourceVersion "1"]
[SourceVersionDate "2016.10.25"]
[SourceQuality "1"]

1. e4 c6 2. d4 d5 3. exd5 cxd5 4. c4 Nf6 5. Nc3 e6 6. a3 Be7 7. Nf3 0-0 8. cxd5 Nxd5 9. Bd3 b6 10. 0-0 Bb7 11. Bc2 Nd7 12. Qd3 N5f6 13. Re1 h6 14. Bf4 Rc8 15. Rad1 Rc6 16. d5 exd5 17. Nxd5 Re6 18. Nxe7+ Qxe7 19. Bd6 Rxd6 20. Rxe7 Rxd3 21. Bxd3 Nc5 22. Bc4 Be4 23. h3 Bg6 24. Ne5 Bf5 25. Rxf7 Rxf7 26. Nxf7 Kh7 27. Nd6 Bd7 28. Nb5 Bxb5 29. Bxb5 Kg8 30. Rd8+ Kf7 31. b4 Ne6 32. Rb8 Ke7 33. Rb7+ Kd6 34. Rf7 Nd4 35. Bd3 Ne6 36. Bc4 Ne8 37. Bxe6 1-0